2017 Notable Deaths - Statistics

General Stats
  • This quiz has been taken 20 times
  • The average score is 8 of 15
Answer Stats
Hint Answer % Correct
Founder of Playboy. Hugh Hefner
89%
English actor who played James Bond in seven feature films. Roger Moore
89%
Played Batman in the 1960’s show. Adam West
83%
Rock ‘n’ roll musician who sung songs such as Johnny B. Goode and Roll Over Beethoven. Chuck Berry
78%
English actor who starred in “Alien”, “Midnight Express”, and “The Elephant Man”. John Hurt
72%
One of the founders of The Allman Brothers Band. Greg Allman
67%
Lead singer of Soundgarden and Audioslave. Chris Cornell
61%
Lead singer of The Heartbreakers. Tom Petty
61%
American actor who starred in “Twister”, “Titanic”, and “Apollo 13”. Bill Paxton
44%
Older brother of comedian and actor Eddie. Charlie Murphy
44%
Lead singer of Linkin Park. Chester Bennington
44%
American actor and comedian. Voiced Mr. Potato Head in the “Toy Story” franchise. Don Rickles
28%
Founder of the J. Geils Band. John Warren Geils
28%
Wrote “The Exorcist”. William Peter Blatty
17%
Voice of the dad in “Home Alone” and “Home Alone 2”. John Heard
11%
No matching quizzes found
Score Distribution
Percent of People with Each Score
Percentile by Number Answered
Your Score History
You have not taken this quiz